Pohjanmaan urheiluseuroja - Statistics

Yleistilastot
  • Tätä visaa on pelattu 27 kertaa
  • Keskiarvotulos 5 / 12
Vastaustilastot
Kuvavisa Hint Vastaus % Oikein
Liiga Vaasan Sport
100%
Veikkausliiga Vaasan Palloseura
78%
M Ykkösliiga FF Jaro
57%
MN Ykkönen Vasa IFK
57%
M Kakkonen | maastohiihto | pyöräily IF Närpes Kraft
43%
Suomi-sarja Muik Hockey
43%
N Superpesis Mailattaret
39%
suunnistus, maastohiihto IF Minken
30%
MN Vaahteraliiga Wasa Royals
30%
N Futsal-Liiga FC Sport
13%
M Lentopallon 1-sarja | N Lentopallon 2-sarja Vaasan Kiisto
9%
mm. maastohiihto, suunnistus, yleisurheilu IK Kronan
4%
Ehtoja vastaavia visoja ei löytynyt
Tulosjakauma
Jokaisen tuloksen saaneiden osuus
Persentiili vastausten määrän mukaan
Tuloshistoriasi
Et ole pelannut tätä visaa